DRUG STABILITY PRINCIPLES AND PRACTICES (Record no. 8145)

MARC details
000 -LEADER
fixed length control field 00475nam a22001817a 4500
005 - DATE AND TIME OF LATEST TRANSACTION
control field 20230110162106.0
008 - FIXED-LENGTH DATA ELEMENTS--GENERAL INFORMATION
fixed length control field 221220b |||||||| |||| 00| 0 eng d
020 ## - INTERNATIONAL STANDARD BOOK NUMBER
ISBN 0-8247-0376-6
041 ## - LANGUAGE CODE
Language code of text/sound track or separate title eng
082 ## - DEWEY DECIMAL CLASSIFICATION NUMBER
Classification number 615.18 CAR-D
100 ## - MAIN ENTRY--AUTHOR NAME
Personal name CARSTENSEN , JENS T ., RHODES, C.T
245 ## - TITLE STATEMENT
Title DRUG STABILITY PRINCIPLES AND PRACTICES
250 ## - EDITION STATEMENT
Edition statement 3rd ed.
260 ## - PUBLICATION, DISTRIBUTION, ETC. (IMPRINT)
Name of publisher INFORMA HEALTHCARE
300 ## - PHYSICAL DESCRIPTION
Number of Pages 772;P.
650 ## - SUBJECT ADDED ENTRY--TOPICAL TERM
Topical Term PHARMACY.
General subdivision B.PHARMA
942 ## - ADDED ENTRY ELEMENTS (KOHA)
Koha item type Books
Holdings
Lost status Damaged status Collection code Home library Current library Shelving location Date acquired Source of acquisition Full call number Accession Number Koha item type
    Reference JRU Library JRU Library SHELF-3-B 10/11/2022 LOHIA BOOK INTERNATIONAL 615.18-CAR-D 27142 Books